00499nam a2200193 a 4500001001300000003000900013005001700022008004100039020000900080082001900089100002100108245002600129250001400155260006000169300000900229500003500238505001700273650001500290nice12345678IN_TiNIC20260116014302.0050524s1977 newa grp 000 0 eng  ac6000a294.5563bRAI1 aRai, Lala Lajpat aArya Samaj Ki Tareekh a49th ed.  aNew DelhibQaumi Council Barai Taraqi-E-Urdu Langc1977 a252p aincludes index and biblioraphy2 aBibliography aArya Samaj